01679cam a22003734a 450000100090000000300040000900500170001300800410003001000170007102000180008802000220010604000190012804200080014704300120015505000240016708200190019110000400021024500760025026000640032630000350039049000330042550400660045865100380052465100340056283000550059685600880065185600760073985601060081590600450092194200440096695201390101095201390114999900170128812867578OSt20200602144428.0020724s2003 enkab b 001 0 eng  a 2002074177 a9780521007634 a0521007631 (pbk.) aDLCcoclcdDLC apcc aa-ii---00aHC435.2b.H268 200300a330.954bHAR/I aHarriss-White, Barbarad1946-9169810aIndia working :bessays on society and economy /cBarbara Harriss-White aCambridge ;aNew York :bCambridge University Press,c2003. a316 p. :bill., maps ;c24 cm.1 aContemporary South Asia ;v8 aIncludes bibliographical references (p. 272-303) and indexes. 0aIndiaxEconomic conditionsy1947- 0aIndiaxEconomic policyy1991- 0aContemporary South Asia (Cambridge, England) ;v8.423Publisher descriptionuhttp://www.loc.gov/catdir/description/cam031/2002074177.html413Table of contentsuhttp://www.loc.gov/catdir/toc/cam031/2002074177.html423Contributor biographical informationuhttp://www.loc.gov/catdir/enhancements/fy0731/2002074177-b.html a7bcbccorignewd1eocipf20gy-gencatlg 2ddccBKh330.954iHAR/Ik330.954mHAR/I 00102ddc40708ECONOMICSaMESbMEScECO d2019-02-20g950.00l0o330.954 HAR/Ip26894r2019-02-20 00:00:00t1w2019-02-20yBKzGL3R4 00102ddc40708ECONOMICSaMESbMEScECO d2019-02-20g295.00l0o330.954 HAR/Ip29718r2019-02-20 00:00:00t2w2019-02-20yBKzGL3R5 c20823d20823